000
00243nam a2200097Ia 4500
082
_a
J 968.24 CADM
245
0
_a
Noordwes
100
_a
CADMAN, Mike Johannesburg, 2009
942
_c
BK
008
210817s9999 xx 000 0 und d
999
_c
407782
_d
407781